[Event "British Rapidplay"]
[Site "Peterborough"]
[Date "2025.03.02"]
[Round "11"]
[White "Lee, Yuk Hei"]
[Black "Taylor, Robert Keith"]
[Result "1/2-1/2"]
[WhiteElo "1877"]
[BlackElo "1896"]
[PlyCount "215"]
[EventDate "2025.03.01"]
[EventType "swiss (rapid)"]
[EventRounds "11"]
[EventCountry "ENG"]
[SourceTitle "CB10_2025"]
[SourceDate "2025.03.05"]
[SourceVersion "1"]
[SourceVersionDate "2025.03.05"]
[SourceQuality "1"]

1. e4 e5 2. Nf3 Nc6 3. Bc4 Nf6 4. d3 Be7 5. h3 0-0 6. 0-0 d5 7. exd5 Nxd5 8. Re1 Bf6 9. Nbd2 Nf4 10. Ne4 Be7 11. Bxf4 exf4 12. Qd2 Be6 13. Qxf4 Bxc4 14. dxc4 a6 15. Rad1 Qc8 16. a3 a5 17. Ne5 Nxe5 18. Qxe5 Re8 19. Qd5 Rd8 20. Qe5 Re8 21. Qf4 Ra6 22. Ng3 Rc6 23. Nf5 Bf6 24. c3 b6 25. Ne3 Rce6 26. Nc2 Be5 27. Qf3 h6 28. Kh1 Bd6 29. Rxe6 Qxe6 30. Ne3 a4 31. Qd5 Qe7 32. g3 Bc5 33. Rd3 Qf6 34. Kg2 g6 35. Qf3 Qxf3+ 36. Kxf3 Kf8 37. Ng4 Re1 38. Nf6 Rc1 39. Nd5 Rc2 40. Nxc7 Rxb2 41. Ke4 Rxf2 42. Kd5 Rf6 43. Nb5 h5 44. Ke4 Rf2 45. Rd8+ Kg7 46. Ra8 h4 47. gxh4 Rh2 48. Kf3 Rxh3+ 49. Kg4 Rd3 50. Rxa4 Kh6 51. Ra7 Be3 52. Rxf7 Bd2 53. Rf3 Rd8 54. Rf6 Re8 55. Rd6 Be1 56. Kf3 Bxh4 57. Rxb6 Rc8 58. Nd6 Rc7 59. Ke3 Bd8 60. Ra6 Kh5 61. Kd4 g5 62. Ne4 g4 63. Rd6 Be7 64. Rd5+ Kh4 65. a4 g3 66. Nxg3 Bf6+ 67. Kd3 Kxg3 68. a5 Kf4 69. c5 Be5 70. Kc4 Ke4 71. Rd1 Rc8 72. a6 Bb8 73. Re1+ Kf5 74. Rd1 Ke6 75. Rh1 Ba7 76. Rh6+ Ke5 77. Rh5+ Ke6 78. Kb5 Rc7 79. c4 Kd7 80. Rd5+ Kc8 81. Rh5 Kd7 82. c6+ Kd6 83. Rh6+ Ke7 84. c5 Kd8 85. Rd6+ Kc8 86. Rd1 Rf7 87. Rh1 Re7 88. Rh5 Rg7 89. Rh8+ Kc7 90. Ra8 Bxc5 91. Kxc5 Rg5+ 92. Kb4 Kxc6 93. Rb8 Rg7 94. Ka5 Rg5+ 95. Ka4 Rg7 96. Rb4 Rh7 97. Ka5 Rh5+ 98. Ka4 Rh7 99. Rb1 Rh4+ 100. Ka5 Rh5+ 101. Ka4 Rh4+ 102. Ka3 Rh3+ 103. Ka2 Rh5 104. Rg1 Ra5+ 105. Kb3 Rxa6 106. Rg6+ Kb7 107. Rg7+ Kc6 108. Kb4 1/2-1/2

[Event "British Rapidplay"]
[Site "Peterborough"]
[Date "2025.03.02"]
[Round "10"]
[White "Taylor, Robert Keith"]
[Black "Pearson, Charlie"]
[Result "1-0"]
[WhiteElo "1896"]
[BlackElo "1668"]
[PlyCount "129"]
[EventDate "2025.03.01"]
[EventType "swiss (rapid)"]
[EventRounds "11"]
[EventCountry "ENG"]
[SourceTitle "CB10_2025"]
[SourceDate "2025.03.05"]
[SourceVersion "1"]
[SourceVersionDate "2025.03.05"]
[SourceQuality "1"]

1. e4 c5 2. Nf3 e6 3. c4 Nc6 4. Nc3 d6 5. d4 cxd4 6. Nxd4 Nf6 7. Be3 Be7 8. Be2 0-0 9. 0-0 Bd7 10. f4 e5 11. Nf5 Bxf5 12. exf5 Qd7 13. g4 h6 14. g5 hxg5 15. fxg5 Nh7 16. h4 Bd8 17. Ne4 Bc7 18. Bg4 Qd8 19. Qd2 Bb6 20. Rad1 Nd4 21. Kh2 a6 22. f6 g6 23. h5 Qc7 24. b3 Qc6 25. Qg2 Rad8 26. hxg6 fxg6 27. Nc3 Qxg2+ 28. Kxg2 Bc5 29. Nd5 Nf5 30. Ne7+ Kf7 31. Bxc5 dxc5 32. Bxf5 gxf5 33. Rxd8 Rxd8 34. Rxf5 Rd2+ 35. Kf1 Nf8 36. Rxe5 Rxa2 37. Nd5 Ra1+ 38. Kf2 Ra2+ 39. Ke1 Rg2 40. Re7+ Kg8 41. Rg7+ Kh8 42. Nf4 Rg4 43. Ng6+ Nxg6 44. Rxg6 Kh7 45. f7 Re4+ 46. Kd2 Rd4+ 47. Ke3 Rd8 48. Rb6 Rb8 49. Rxb7 Rxb7 50. f8Q Rxb3+ 51. Kf4 Rb1 52. Qf7+ Kh8 53. Qh5+ Kg7 54. g6 Rf1+ 55. Ke5 Re1+ 56. Kd5 Re7 57. Kxc5 Kf6 58. Qh4+ Ke6 59. Qe4+ Kf6 60. Qc6+ Re6 61. Qxe6+ Kxe6 62. Kb6 Kf6 63. c5 Kxg6 64. c6 Kf6 65. c7 1-0

[Event "BCF-chT3W 2324 (4NCL)"]
[Site "England"]
[Date "2024.05.04"]
[Round "9.63"]
[White "Hurney, Kevin"]
[Black "Taylor, Robert Keith"]
[Result "1/2-1/2"]
[WhiteElo "2044"]
[BlackElo "1894"]
[PlyCount "72"]
[EventDate "2023.11.18"]
[EventType "team-tourn"]
[EventRounds "11"]
[EventCountry "ENG"]
[SourceTitle "EXT 2025"]
[Source "ChessBase"]
[SourceDate "2024.10.14"]
[SourceVersion "1"]
[SourceVersionDate "2024.10.14"]
[SourceQuality "1"]
[WhiteTeam "The MASCeteers"]
[BlackTeam "Shropshire and Friends"]
[WhiteTeamCountry "ENG"]
[BlackTeamCountry "ENG"]

1. e4 e5 2. Nf3 Nc6 3. Bb5 a6 4. Ba4 Nf6 5. d3 d6 6. c3 Be7 7. 0-0 0-0 8. Re1 b5 9. Bc2 Bg4 10. h3 Bh5 11. Nbd2 d5 12. Qe2 dxe4 13. dxe4 Qd7 14. Nf1 Rfd8 15. Bg5 h6 16. Bxf6 Bxf3 17. Qxf3 Bxf6 18. Ne3 Qe8 19. Nd5 Rd7 20. Rad1 Bd8 21. Qg4 Rd6 22. Rd3 Rg6 23. Qh5 Na5 24. b3 Nb7 25. f4 c6 26. Ne3 Bb6 27. f5 Rd6 28. Rxd6 Nxd6 29. f6 Qd8 30. fxg7 Qg5 31. Qxg5 hxg5 32. Kf2 Rd8 33. Kf3 Bxe3 34. Kxe3 Kxg7 35. Ra1 Kf6 36. a4 Ke6 1/2-1/2

[Event "BCF-chT3W 2223 (4NCL)"]
[Site "England"]
[Date "2023.02.04"]
[Round "5.33"]
[White "Bullen, Alex"]
[Black "Taylor, Robert Keith"]
[Result "1-0"]
[WhiteElo "2157"]
[BlackElo "1940"]
[PlyCount "65"]
[EventDate "2022.10.22"]
[EventType "team-tourn"]
[EventRounds "11"]
[EventCountry "ENG"]
[SourceTitle "EXT 2024"]
[Source "ChessBase"]
[SourceDate "2023.10.10"]
[SourceVersion "1"]
[SourceVersionDate "2023.10.10"]
[SourceQuality "1"]
[WhiteTeam "West is Best II"]
[BlackTeam "Shropshire and Friends"]
[WhiteTeamCountry "WLS"]
[BlackTeamCountry "ENG"]

1. d4 Nf6 2. Nf3 d5 3. e3 Bg4 4. c4 dxc4 5. Bxc4 e6 6. Qb3 Bxf3 7. gxf3 Nbd7 8. Nc3 Nb6 9. Be2 Be7 10. Bd2 0-0 11. f4 c5 12. dxc5 Bxc5 13. Bf3 Qe7 14. Ne4 Nxe4 15. Bxe4 Rfd8 16. 0-0-0 Nd5 17. Rhg1 Rac8 18. Kb1 b6 19. f5 Qf6 20. Bxd5 exd5 21. Qd3 Bd6 22. f4 Bf8 23. Bc3 Qe7 24. f6 Qe4 25. fxg7 Bc5 26. Rg3 a5 27. f5 Re8 28. f6 Bxe3 29. Qxe4 Rxe4 30. Rxd5 Re6 31. Rh3 Bf4 32. a3 Rxc3 33. Rd8+ 1-0

[Event "South Normanton 4NCL op 23rd"]
[Site "South Normanton"]
[Date "2019.10.05"]
[Round "3"]
[White "Taylor, Robert Keith"]
[Black "Makkar, Rajat"]
[Result "0-1"]
[WhiteElo "1958"]
[BlackElo "2071"]
[PlyCount "64"]
[EventDate "2019.10.04"]
[EventType "swiss"]
[EventRounds "5"]
[EventCountry "ENG"]
[SourceTitle "CBM 192 Extra"]
[Source "Chessbase"]
[SourceDate "2019.11.06"]
[SourceVersion "1"]
[SourceVersionDate "2019.11.06"]
[SourceQuality "1"]

1. e4 e5 2. Nf3 Nf6 3. Nxe5 d6 4. Nf3 Nxe4 5. Nc3 Nxc3 6. dxc3 Nd7 7. Bg5 Be7 8. Bxe7 Qxe7+ 9. Be2 0-0 10. 0-0 Nc5 11. Re1 Be6 12. Qd4 d5 13. Bd3 Rad8 14. b4 Nxd3 15. cxd3 b6 16. Qf4 c5 17. a3 Rc8 18. Rac1 Rc7 19. b5 c4 20. d4 a6 21. a4 Ra7 22. Rb1 Qa3 23. bxa6 Rxa6 24. Ng5 Qxc3 25. Qd6 Bf5 26. Rbd1 h6 27. Nxf7 Rxf7 28. Qxd5 Raa7 29. Qd8+ Kh7 30. Qxb6 Bc2 31. Rc1 Qd2 32. d5 Rae7 0-1

[Event "Stevenage 4NCL Easter op"]
[Site "Stevenage"]
[Date "2019.04.19"]
[Round "1"]
[White "Taylor, Robert Keith"]
[Black "Hebden, Mark"]
[Result "0-1"]
[WhiteElo "1982"]
[BlackElo "2420"]
[PlyCount "56"]
[EventDate "2019.04.19"]
[EventType "swiss"]
[EventRounds "7"]
[EventCountry "ENG"]
[SourceTitle "CBM 189 Extra"]
[Source "ChessBase"]
[SourceDate "2019.05.31"]
[SourceVersion "1"]
[SourceVersionDate "2019.05.31"]
[SourceQuality "1"]

1. e4 e5 2. Nc3 Nf6 3. Nf3 Nc6 4. a3 Be7 5. d4 exd4 6. Nxd4 0-0 7. Be2 d5 8. exd5 Nxd5 9. Nxc6 bxc6 10. 0-0 Bd6 11. Qd3 Rb8 12. Rd1 Re8 13. Nxd5 cxd5 14. Be3 Rxb2 15. Qxd5 Bb7 16. Qh5 Be4 17. Bc4 Bg6 18. Qh3 Rxc2 19. Bb5 Re5 20. a4 Rh5 21. Qg3 Qf6 22. Bf4 h6 23. Bxd6 cxd6 24. Ra3 Rg5 25. Qe3 a5 26. Bd3 Re5 27. Qg3 Qe7 28. Raa1 Rc3 0-1

[Event "Nottingham 4NCL Major op"]
[Site "Nottingham"]
[Date "2018.09.30"]
[Round "5"]
[White "Goldrick, Thomas G"]
[Black "Taylor, Robert Keith"]
[Result "1-0"]
[WhiteElo "1805"]
[BlackElo "1995"]
[PlyCount "105"]
[EventDate "2018.09.28"]
[EventType "swiss"]
[EventRounds "5"]
[EventCountry "ENG"]
[SourceTitle "CBM 187 Extra"]
[Source "ChessBase"]
[SourceDate "2018.11.04"]
[SourceVersion "1"]
[SourceVersionDate "2018.11.04"]
[SourceQuality "1"]

1. e4 e6 2. d3 c5 3. g3 Nc6 4. Bg2 g6 5. Nc3 Bg7 6. Be3 d6 7. Nge2 Nd4 8. Qd2 Ne7 9. 0-0 Rb8 10. Bh6 Nxe2+ 11. Nxe2 0-0 12. Bxg7 Kxg7 13. d4 c4 14. a4 Qc7 15. Nc3 Bd7 16. Nb5 Qb6 17. Qb4 Bxb5 18. axb5 Nc6 19. Qxc4 Nxd4 20. Rfd1 e5 21. c3 Nxb5 22. Qb4 Rbc8 23. Bf1 Rc5 24. Ra5 Nxc3 25. Qxb6 axb6 26. Rxc5 Nxd1 27. Rc2 Ra8 28. Rd2 Ra1 29. Kg2 Rb1 30. Bd3 Rxb2 31. Rxd1 Kf6 32. Bc4 Ke7 33. Bd5 f5 34. Bxb7 fxe4 35. Bxe4 Rb4 36. Kf3 b5 37. Rd3 Rb2 38. Bd5 Kf6 39. Ke3 Rb1 40. Bg8 Re1+ 41. Kd2 Rb1 42. Rxd6+ Kg7 43. Be6 b4 44. Rb6 h6 45. Ke3 Rb2 46. h3 Kf6 47. Bb3+ Kg5 48. Rxb4 h5 49. h4+ Kf6 50. Rb6+ Kg7 51. Rb7+ Kf8 52. Bd5 Rc2 53. Be4 1-0

[Event "Midland-ch"]
[Site "Telford"]
[Date "2018.08.11"]
[Round "3"]
[White "Taylor, Robert Keith"]
[Black "Gogia, Armaan"]
[Result "1-0"]
[WhiteElo "1982"]
[BlackElo "1736"]
[PlyCount "62"]
[EventDate "2018.08.10"]
[EventType "swiss"]
[EventRounds "5"]
[EventCountry "ENG"]
[SourceTitle "EXT 2019"]
[Source "ChessBase"]
[SourceDate "2018.10.10"]
[SourceVersion "1"]
[SourceVersionDate "2018.10.10"]
[SourceQuality "1"]

1. d4 Nf6 2. c4 g6 3. f3 Bg7 4. e4 d6 5. Nc3 0-0 6. Nge2 c5 7. dxc5 dxc5 8. Qxd8 Rxd8 9. Be3 Nc6 10. Bxc5 Nd7 11. Ba3 Nde5 12. Nf4 Nd4 13. 0-0-0 Bh6 14. g3 Nexf3 15. Bxe7 Re8 16. Ncd5 Bg4 17. Nf6+ Kg7 18. Nxe8+ Rxe8 19. Bb4 Ne6 20. Bc3+ Kg8 21. h3 Nxf4 22. gxf4 Bxf4+ 23. Kc2 Bh5 24. Rd5 Ne1+ 25. Bxe1 Bf3 26. Rg1 Bh2 27. Bg2 Bxe4+ 28. Bxe4 Bxg1 29. Bc3 Bb6 30. Re5 Rxe5 31. Bxe5 f5 1-0

[Event "West Bromwich Midland op-A"]
[Site "West Bromwich"]
[Date "2017.08.13"]
[Round "5"]
[White "Taylor, Robert Keith"]
[Black "Gilmore, Simon N"]
[Result "1/2-1/2"]
[WhiteElo "1976"]
[BlackElo "2050"]
[PlyCount "73"]
[EventDate "2017.08.11"]
[EventType "swiss"]
[EventRounds "5"]
[EventCountry "ENG"]
[SourceTitle "CBM 180 Extra"]
[Source "ChessBase"]
[SourceDate "2017.10.06"]
[SourceVersion "1"]
[SourceVersionDate "2017.10.06"]
[SourceQuality "1"]

1. e4 c6 2. Ne2 d5 3. e5 Bf5 4. d4 e6 5. Ng3 Bg6 6. h4 h5 7. Be2 Be7 8. Bxh5 Bxh5 9. Nxh5 g6 10. Nf4 Rxh4 11. Rxh4 Bxh4 12. Qd3 Be7 13. Nc3 Na6 14. Be3 Qa5 15. Kf1 c5 16. dxc5 Nxc5 17. Qb5+ Qxb5+ 18. Nxb5 Kd7 19. c4 a6 20. Na3 dxc4 21. Nxc4 Rd8 22. Rc1 b5 23. Na5 Rc8 24. f3 Bg5 25. b4 Bxf4 26. Bxf4 Na4 27. Rd1+ Ke8 28. Rd6 Ra8 29. Bd2 Rd8 30. Nc6 Rxd6 31. exd6 Kd7 32. Ne5+ Kxd6 33. Nxf7+ Kd5 34. Nh8 Ne7 35. Bg5 Nc6 36. Bd2 Ne7 37. Bg5 1/2-1/2

[Event "Milton Keynes 4NCL Major op 11th"]
[Site "Milton Keynes"]
[Date "2016.11.06"]
[Round "5.1"]
[White "Taylor, Robert Keith"]
[Black "Ansari, Athar"]
[Result "1/2-1/2"]
[WhiteElo "1946"]
[BlackElo "1795"]
[PlyCount "135"]
[EventDate "2016.11.04"]
[EventType "swiss"]
[EventRounds "5"]
[EventCountry "ENG"]
[SourceTitle "EXT 2023"]
[Source "ChessBase"]
[SourceDate "2022.10.05"]
[SourceVersion "1"]
[SourceVersionDate "2022.10.05"]
[SourceQuality "1"]

1. e4 c5 2. Nf3 a6 3. c4 d6 4. d4 Bg4 5. Be2 Nc6 6. d5 Bxf3 7. Bxf3 Nd4 8. Qa4+ b5 9. cxb5 axb5 10. Qd1 g6 11. g3 Bg7 12. Bg2 Qa5+ 13. Nd2 Qa4 14. Qxa4 Rxa4 15. Kd1 Nf6 16. h3 Bh6 17. b3 Ra7 18. Bb2 0-0 19. Nf3 Nxe4 20. Nxd4 Nxf2+ 21. Ke2 Nxh1 22. Nc6 Nxg3+ 23. Kf3 Rc7 24. Kxg3 e5 25. Bf1 b4 26. Bc4 Re8 27. a4 bxa3 28. Rxa3 Be3 29. Kf3 Bd4 30. Bxd4 exd4 31. b4 cxb4 32. Rb3 Rb7 33. Nxd4 Rc8 34. Ba6 Rbc7 35. Bxc8 Rxc8 36. Nc6 Ra8 37. Nxb4 Ra5 38. Ke4 Ra4 39. Kd3 Kg7 40. Kc4 Ra5 41. Nd3 Ra4+ 42. Kb5 Rh4 43. Nf2 Rf4 44. Rb2 Kf6 45. Kc6 h5 46. Kxd6 Rc4 47. Re2 Kf5 48. Re7 f6 49. Rc7 Rf4 50. Rc2 g5 51. Ke7 g4 52. hxg4+ hxg4 53. d6 g3 54. Nh1 Re4+ 55. Kd7 Kf4 56. Rd2 Re1 57. Nxg3 Kxg3 58. Kc6 Re6 59. Kd5 Re5+ 60. Kc6 Re6 61. Kc7 f5 62. d7 Re7 63. Kd6 Rxd7+ 64. Kxd7 f4 65. Ke6 f3 66. Rd3 Kg2 67. Kf5 f2 68. Rd2 1/2-1/2

[Event "Milton Keynes 4NCL Major op 11th"]
[Site "Milton Keynes"]
[Date "2016.11.05"]
[Round "2.3"]
[White "Taylor, Robert Keith"]
[Black "Obi, Okwose Marc"]
[Result "1-0"]
[WhiteElo "1946"]
[BlackElo "1851"]
[PlyCount "94"]
[EventDate "2016.11.04"]
[EventType "swiss"]
[EventRounds "5"]
[EventCountry "ENG"]
[SourceTitle "EXT 2023"]
[Source "ChessBase"]
[SourceDate "2022.10.05"]
[SourceVersion "1"]
[SourceVersionDate "2022.10.05"]
[SourceQuality "1"]

1. e4 g6 2. d4 Bg7 3. Nc3 d6 4. g3 Nc6 5. Be3 Nf6 6. h3 b6 7. Bg2 Bb7 8. Nf3 Na5 9. Nd2 c5 10. 0-0 cxd4 11. Bxd4 Nc6 12. Be3 Rc8 13. Re1 0-0 14. Qe2 Nb4 15. Nb3 Ba6 16. Qd2 Qc7 17. Rac1 Nc6 18. f4 e6 19. a4 Nh5 20. g4 Nf6 21. Nb5 Bxb5 22. axb5 Ne7 23. c4 Rfd8 24. Qf2 Nd7 25. Red1 Nc5 26. Nxc5 dxc5 27. Bf3 a6 28. Rxd8+ Rxd8 29. b4 axb5 30. cxb5 Qd7 31. bxc5 bxc5 32. Rxc5 Rb8 33. Qf1 Nc8 34. Qd1 Qxd1+ 35. Bxd1 Na7 36. Be2 Bf8 37. Rc1 Nc8 38. e5 Bb4 39. Rc7 Ba5 40. Rd7 Kf8 41. Kg2 Ke8 42. Rd1 Nb6 43. Ra1 Bc3 44. Ra6 Nd5 45. Kf3 Nxe3 46. Kxe3 Bb4 47. Bf3 Rxb5 1-0

[Event "Bolton 4NCL op-B 4th"]
[Site "Bolton"]
[Date "2015.09.12"]
[Round "3.4"]
[White "Taylor, Robert Keith"]
[Black "Peters, Alexander John"]
[Result "1/2-1/2"]
[WhiteElo "1972"]
[BlackElo "1942"]
[PlyCount "113"]
[EventDate "2015.09.11"]
[EventType "swiss"]
[EventRounds "5"]
[EventCountry "ENG"]
[SourceTitle "EXT 2023"]
[Source "ChessBase"]
[SourceDate "2022.10.05"]
[SourceVersion "1"]
[SourceVersionDate "2022.10.05"]
[SourceQuality "1"]

1. e4 Nf6 2. Nc3 d5 3. e5 d4 4. exf6 dxc3 5. fxg7 cxd2+ 6. Bxd2 Bxg7 7. Qf3 Bxb2 8. Rd1 Qd4 9. Bd3 Nc6 10. Ne2 Qf6 11. Qg3 Qg7 12. Bf4 Qxg3 13. hxg3 e5 14. Rb1 Ba3 15. Bh6 Nb4 16. Bg7 Rg8 17. Bxe5 Nxd3+ 18. cxd3 c5 19. Rxh7 Bb4+ 20. Bc3 Bf5 21. Rh4 Bxd3 22. Rc1 Ba3 23. Rd1 0-0-0 24. Ra4 Rge8 25. Rxd3 Rxd3 26. Rxa3 b5 27. Bb4 Rd5 28. Rc3 c4 29. f3 Kb7 30. Rc2 Kb6 31. Kf2 a5 32. Nf4 Rd7 33. Be1 Rc8 34. a3 Rd1 35. Bc3 Rb1 36. Nd5+ Kc5 37. Ne3 b4 38. Bxb4+ Kb5 39. Be7 c3 40. Nd5 Rb3 41. f4 Kc4 42. Ne3+ Kd3 43. Rc1 Rb2+ 44. Kf3 c2 45. f5 Kd2 46. Rxc2+ Rbxc2 47. Nxc2 Rxc2 48. Kf4 Kd3 49. Ke5 Rxg2 50. Kf6 Rxg3 51. Kxf7 Ke4 52. Ke6 Kd4 53. f6 Rf3 54. f7 Rxf7 55. Kxf7 Kd5 56. Ke8 Kc6 57. Kd8 1/2-1/2

[Event "Bolton 4NCL op-B 4th"]
[Site "Bolton"]
[Date "2015.09.11"]
[Round "1.2"]
[White "Taylor, Robert Keith"]
[Black "McDonagh, Michael"]
[Result "0-1"]
[WhiteElo "1972"]
[BlackElo "1782"]
[PlyCount "128"]
[EventDate "2015.09.11"]
[EventType "swiss"]
[EventRounds "5"]
[EventCountry "ENG"]
[SourceTitle "EXT 2023"]
[Source "ChessBase"]
[SourceDate "2022.10.05"]
[SourceVersion "1"]
[SourceVersionDate "2022.10.05"]
[SourceQuality "1"]

1. e4 e6 2. d4 d5 3. Nc3 Nf6 4. e5 Nfd7 5. Nf3 c5 6. dxc5 Nc6 7. Bf4 Bxc5 8. Bd3 f6 9. exf6 Nxf6 10. 0-0 0-0 11. Qe2 Bd6 12. Bxd6 Qxd6 13. Rad1 a6 14. Rfe1 Bd7 15. Ne5 Nxe5 16. Qxe5 Qxe5 17. Rxe5 Ng4 18. Re2 Rae8 19. Be4 Nf6 20. Bf3 Bc6 21. a3 g6 22. Rde1 Kf7 23. g3 Re7 24. Bg2 Rfe8 25. Rd2 Nd7 26. Ne2 Nb6 27. b3 e5 28. a4 a5 29. Nc3 Rd7 30. Bh3 Rdd8 31. Rde2 Kf6 32. Bg2 g5 33. Rd2 Kf5 34. Red1 d4 35. h3 h5 36. Nb5 Bxb5 37. axb5 Nd5 38. Re1 Nc3 39. Bxb7 e4 40. Bc6 Re5 41. Kf1 g4 42. h4 Nxb5 43. Red1 Nc3 44. Rxd4 Rxd4 45. Rxd4 Rc5 46. Be8 e3 47. fxe3 Ne4 48. Bg6+ Kxg6 49. Rxe4 Rxc2 50. Re6+ Kf5 51. Rh6 Ke4 52. Rxh5 Kf3 53. Rf5+ Kxg3 54. Rxa5 Kh2 55. h5 g3 56. Rg5 g2+ 57. Rxg2+ Rxg2 58. h6 Rg3 59. h7 Rh3 60. h8Q Rxh8 61. Ke2 Rb8 62. Kd3 Rxb3+ 63. Kd4 Rb4+ 64. Kd5 Kg3 0-1

[Event "Newmarket EACU op"]
[Site "Newmarket"]
[Date "2015.05.30"]
[Round "2"]
[White "Taylor, Robert Keith"]
[Black "Moore, Graham J"]
[Result "0-1"]
[WhiteElo "1970"]
[BlackElo "2114"]
[PlyCount "80"]
[EventDate "2015.05.30"]
[EventType "swiss"]
[EventRounds "5"]
[EventCountry "ENG"]
[SourceTitle "CBM 166 Extra"]
[Source "ChessBase"]
[SourceDate "2015.06.18"]
[SourceVersion "1"]
[SourceVersionDate "2015.06.18"]
[SourceQuality "1"]

1. e4 e6 2. d4 d5 3. Nc3 Nf6 4. e5 Nfd7 5. Nf3 c5 6. dxc5 Bxc5 7. Bd3 Nc6 8. Bf4 a6 9. 0-0 Be7 10. Qd2 h6 11. Bg3 Nc5 12. Rad1 b5 13. Ne2 Qb6 14. h4 Bb7 15. Qf4 a5 16. Ned4 Nxd4 17. Qxd4 Ba6 18. h5 b4 19. Bxa6 Rxa6 20. Qg4 0-0 21. Bf4 Kh7 22. Be3 Qc7 23. Rfe1 Na4 24. b3 Nc3 25. Ra1 Ne4 26. Bd4 Rc6 27. Re2 Rxc2 28. Bb6 Qc8 29. Rxe4 dxe4 30. Qxe4+ Kg8 31. Bxa5 Rc1+ 32. Rxc1 Qxc1+ 33. Kh2 Qc5 34. Qb7 Qxa5 35. Qxe7 Qb5 36. Qd6 Ra8 37. Nd4 Qa5 38. Nc6 Qxa2 39. f4 Qf2 40. Qxb4 Qh4+ 0-1

[Event "Bolton Easter op"]
[Site "Bolton"]
[Date "2015.04.05"]
[Round "4"]
[White "Doran, Chris"]
[Black "Taylor, Robert Keith"]
[Result "0-1"]
[WhiteElo "2007"]
[BlackElo "1964"]
[PlyCount "72"]
[EventDate "2015.04.03"]
[EventType "swiss"]
[EventRounds "5"]
[EventCountry "ENG"]
[SourceTitle "CBM 165 Extra"]
[Source "ChessBase"]
[SourceDate "2015.04.21"]
[SourceVersion "1"]
[SourceVersionDate "2015.04.21"]
[SourceQuality "1"]

1. e4 e5 2. Nf3 Nc6 3. Bb5 a6 4. Ba4 Nf6 5. 0-0 Nxe4 6. d4 Be7 7. Re1 b5 8. Bb3 d5 9. dxe5 Be6 10. c3 0-0 11. Nbd2 Nc5 12. Bc2 d4 13. cxd4 Nxd4 14. Nxd4 Qxd4 15. Qe2 Rad8 16. Nf3 Qc4 17. Bg5 Qxe2 18. Rxe2 Rfe8 19. b3 h6 20. Bxe7 Rxe7 21. h3 Red7 22. Rc1 b4 23. Kh2 Kf8 24. Bh7 Nxb3 25. axb3 g6 26. Rc6 Kg7 27. Bxg6 Kxg6 28. Rxa6 Kg7 29. Nh4 Rd4 30. g3 Rd2 31. Ra2 Rxa2 32. Rxa2 Rd3 33. Rc2 Rc3 34. Rd2 Rxb3 35. f4 Ra3 36. Nf3 Rxf3 0-1